banner-ar

LE LIVER: 5000 ANS D'HISTOIRE / (Record no. 25601)

MARC details
000 -الفاتح
حقل البيانات ثابتة الطول 00584nam a2200229Ia 4500
008 - عناصر البيانات ثابتة الطول - معلومات عامة
حقل البيانات ثابتة الطول 140319s9999 xx 000 0 eng d
040 ## - مصدر الفهرسة
وكالة الفهرسة الأصلية GCL /
وكالة النسخ GCL
082 04 - رقم تصنيف ديوى العشرى
رقم التصنيف 930
رقم المادة T L
100 1# - المدخل الرئيسى - إسم شخصى
الإسم الشخصى TSUJIMURA, MOSURO
245 10 - بيان العنوان
العنوان LE LIVER: 5000 ANS D'HISTOIRE /
بيان المسئوليه,etc TSUJIMURA, MOSURO
700 1# - المدخل الاضافى - اسم شخصى
الإسم الشخصى MORITA, HELENE
260 ## - PUBLICATION, DISTRIBUTION, ETC. (IMPRINT)
تاريخ النشر أو التوزيع 1991
300 ## - الوصف المادى
التعداد 40 P
650 04 - المدخل الاضافى بالموضوع-مصطلح موضوعى
مصطلح موضوعي MORITA, HELENE
650 04 - المدخل الاضافى بالموضوع-مصطلح موضوعى
مصطلح موضوعي JAPAN - HISTORY
650 04 - المدخل الاضافى بالموضوع-مصطلح موضوعى
مصطلح موضوعي ANCIENT EGYPT
650 04 - المدخل الاضافى بالموضوع-مصطلح موضوعى
مصطلح موضوعي HISTORY
650 04 - المدخل الاضافى بالموضوع-مصطلح موضوعى
مصطلح موضوعي ANCIENT WORLD
650 04 - المدخل الاضافى بالموضوع-مصطلح موضوعى
مصطلح موضوعي TUSJIMURA, MASURO
942 ## - عناصر المدخل الإضافي( كوها)
مصدر التصنيف او مخطط الترفيف Dewey Decimal Classification
Koha [default] item type كتاب
260 ## - PUBLICATION, DISTRIBUTION, ETC. (IMPRINT)
-- [S.N] :
-- CIRCONFLEXE ،
Holdings
حالة التراجع حالة الفقد حالة تلف ليس للاعارة المكان المؤقت الموقع الحالى تاريخ الاكتساب اجمالي اﻻعارات رقم الطلب الباركود تاريخ اخر مشاهدة تاريخ تفعيل السعر نوع وعاء كوها
        مكتبة القاهرة الكبرى مكتبة القاهرة الكبرى 03/26/2014   930\T L 45058 03/26/2014 03/26/2014 كتاب

Powered By

EGPV